Language Quiz

Random Language or Letter Quiz

Missing Letter Word Teasers Quiz Stats

 Plays Quiz Updated Oct 20, 2017

Score 0/24 Timer 03:00
2 Plays Today
Hint Answer % Correct
A vulgar guy?Rude Dude
91.6%
A lengthy tune?Long Song
91.5%
Resident rodent?House Mouse
91.3%
Amphibian Street?Toad Road
91%
Missing mail?Lost Post
89.2%
View the tennis game?Watch Match
89.1%
Pester mom?Bother Mother
88.2%
Located the puppy?Found Hound
88.1%
A heavy baseball player?Fatter Batter
87.5%
Bloodier?More Gore
86.9%
Robbed a library?Took Book
86.8%
Tidier?Less Mess
86.7%
Hint Answer % Correct
Battle in the dark?Night Fight
86.6%
Better basketball player?Taller Baller
86.4%
Funniest joke?Best Jest
85.8%
Soiled hen den?Poop Coop
83.9%
Tablecloth admirer?Cover Lover
83.7%
Wood collection?Board Hoard
82.4%
Losing your mind?Brain Drain
79.3%
Offered parting gesture?Gave Wave
75.9%
Preventing sunburns?Banning Tanning
75.2%
Crazy horse?Silly Filly
73.5%
A wet monster?Damp Vamp
72.7%
Impromptu karaoke?Winging Singing
53.7%

You're not logged in!

Compare scores with friends on all Sporcle quizzes.
OR
Log In

You Might Also Like...

Show Comments

Extras

Top Quizzes Today


Score Distribution

Your Account Isn't Verified!

In order to create a playlist on Sporcle, you need to verify the email address you used during registration. Go to your Sporcle Settings to finish the process.

Report this User

Report this user for behavior that violates our Community Guidelines.

Details: